000
00197 a2200109 4500
020
_a
053119095
041
_a
eng
100
_a
Clare Beaton
245
_a
Face Painting
942
_c
BK
952
_7
1
999
_c
18140
_d
18140